| 000 | 00804nam a2200241 a 4500 | ||
|---|---|---|---|
| 008 | 951213s1978||||[C 0 slo c | ||
| 020 |
_c37 Kčs. _q(30000 výtl.) |
||
| 040 |
_aSNK _bslo _cSNK _eAACR2 |
||
| 041 | 1 |
_aslo _hita |
|
| 044 |
_axo _cSK |
||
| 080 | _a850-3 | ||
| 100 | 1 |
_aDeledda, Grazia _4aut |
|
| 245 | 1 | 0 |
_aHoluby a jastraby. Brečtan. Popol _cGrazia Deledda ; Marína Miháliková-Hečková, Anton Košťál, Juraj Neuwirth, Blahoslav Hečko, Jozef Gális |
| 260 |
_aBratislava _bSlovenský spisovateľ _c1978 _eBratislava _fPravda |
||
| 300 | _c21 cm | ||
| 490 | 0 | _aVavrín | |
| 700 | 1 |
_aMiháliková-Hečková, Marína _4trl |
|
| 700 | 1 |
_aKošťál, Anton _4trl |
|
| 700 | 1 |
_aNeuwirth, Juraj _4trl |
|
| 700 | 1 |
_aHečko, Blahoslav _4[ADC] |
|
| 700 | 1 |
_aGális, Jozef _4bkd |
|
| 958 | _aA | ||
| 999 |
_c10357 _d10357 |
||